[Event "It (open)"]
[Site "masterchessopen.com Pardubice (Czech Republic)"]
[Date "2012.07.22"]
[Round "3"]
[White "Jasny Stanislav (CZE)"]
[Black "Jedlicka Ales (CZE)"]
[Result "1-0"]
[WhiteElo "2317"]
[BlackElo "2205"]

1.d4 Nf6 2.c4 e6 3.Nc3 Bb4 4.e3 O-O 5.Bd3 c5 6.Nf3 d5 7.O-O dxc4 8.Bxc4 Nbd7
9.Qe2 b6 10.a3 cxd4 11.exd4 Bxc3 12.bxc3 Qc7 13.Bd2 Re8 14.Rfe1 Bb7 15.Bd3
Rac8 16.c4 Qd6 17.Bb4 Qf4 18.Qe3 Qxe3 19.fxe3 e5 20.Nd2 a5 21.Bc3 g6 22.Rac1
Ng4 23.Nf1 e4 24.Be2 h5 25.h3 Nh6 26.g4 hxg4 27.hxg4 Ba6 28.g5 Nf5 29.Bb2 Nf8
30.Kf2 Nh7 31.Nh2 Nxg5 32.Ng4 Nh7 33.Rh1 g5 34.d5 Nh4 35.Nf6+ Nxf6 36.Bxf6 Kf8
37.Rxh4 gxh4 38.Rh1 Re6 39.dxe6 fxe6 40.Rxh4 Kf7 41.Bd4 Bxc4 42.Rh7+ Kg6
43.Rg7+ {#r} 1-0

[Event "It (open)"]
[Site "masterchessopen.com Vlissingen (Netherlands)"]
[Date "2012.08.08"]
[Round "6"]
[White "Bezemer Arno (NED)"]
[Black "Van Der Auweraert Elwin (NED)"]
[Result "1-0"]
[WhiteElo "2346"]
[BlackElo "2078"]

1.d4 Nf6 2.c4 e6 3.Nc3 Bb4 4.e3 O-O 5.Bd3 d5 6.Nf3 c5 7.O-O dxc4 8.Bxc4 Nbd7
9.Qe2 b6 10.d5 Bxc3 11.dxe6 Ne5 12.exf7+ Kh8 13.bxc3 Bg4 14.e4 Nh5 15.Bd5 Bxf3
16.gxf3 Qh4 17.Kh1 Qh3 18.Rg1 Nxf3 19.Rg2 Rad8 20.c4 Nf6 21.Bb2 Ng4 22.Qe3 Rd6
23.Qf4 Nfxh2 24.Qxh2 Qxh2+ 25.Rxh2 Nxh2 26.Kxh2 Rh6+ 27.Kg2 Rg6+ 28.Kf3 {#r}
1-0

[Event "It (open)"]
[Site "masterchessopen.com Schwarzach (Austria)"]
[Date "2012.08.21"]
[Round "4"]
[White "Zaja Ivan (CRO)"]
[Black "Stone Andrew (ENG)"]
[Result "1-0"]
[WhiteElo "2511"]
[BlackElo "2215"]

1.d4 e6 2.c4 Nf6 3.Nc3 Bb4 4.e3 O-O 5.Bd3 d5 6.Nf3 c5 7.O-O dxc4 8.Bxc4 Nbd7
9.Qe2 b6 10.a3 Bxc3 11.bxc3 Bb7 12.Bd3 Bxf3 13.Qxf3 e5 14.Bb2 Qc7 15.Qe2 Rfe8
16.Bb5 Re7 17.Rad1 Rd8 18.dxe5 Nxe5 19.Rxd8+ Qxd8 20.Rd1 Qc7 21.Qd2 h6 22.Qd8+
Qxd8 23.Rxd8+ Kh7 24.c4 Kg6 25.Rd6 Kf5 26.f3 h5 27.e4+ Kg5 28.Bc1+ Kg6 29.f4
Ng4 30.h3 Nh6 31.Ba4 Kh7 32.e5 Nfg8 33.Bd7 Nf6 34.Bc6 Ne8 35.Rd7 Rxd7 36.Bxd7
Nc7 37.f5 g6 38.e6 Nxf5 39.exf7 Kg7 40.Bf4 Na6 41.Bc8 {#r} 1-0

[Event "It \"]
[Site "masterchessopen.com Korinthia (Greece)"]
[Date "2012.08.25"]
[Round "9"]
[White "Iordachescu Viorel (MDA)"]
[Black "Perunovic Miodrag (SRB)"]
[Result "1-0"]
[WhiteElo "2636"]
[BlackElo "2461"]

1.d4 Nf6 2.c4 e6 3.Nc3 Bb4 4.e3 O-O 5.Bd3 d5 6.Nf3 c5 7.O-O dxc4 8.Bxc4 Nbd7
9.Qe2 b6 10.a3 Bxc3 11.bxc3 Bb7 12.Rd1 Qe7 13.a4 Ne4 14.Bb2 a5 15.Bd3 f5 16.c4
Rf6 17.d5 Rg6 18.Bc2 Re8 19.Ra3 exd5 20.cxd5 Rd6 21.Bb3 Qf7 22.Bc4 h6 23.Rad3
Kh7 24.Qc2 Qh5 25.Bb5 Rd8 26.Ne1 Rg6 27.f3 Ng5 28.Kh1 Nf6 29.Bc6 Bc8 30.R3d2
Qh4 31.Be5 Nh5 32.Bb5 Bd7 33.Bxd7 Rxd7 34.d6 f4 35.exf4 Ng3+ 36.Kg1 Nh3+
37.gxh3 Ne2+ 38.Kf1 Nd4 39.Bxd4 cxd4 40.Rg2 Rxd6 41.Rxd4 Re6 42.Re4 Rc6 43.f5
Rxg2 44.Qxg2 Qh5 45.Re6 {#r} 1-0

[Event "It (open)"]
[Site "masterchessopen.com Nikea (Greece)"]
[Date "2012.08.30"]
[Round "6"]
[White "Kanellos Dimitrios V (GRE)"]
[Black "Zervos Lazaros (GRE)"]
[Result "0-1"]
[WhiteElo "1956"]
[BlackElo "1736"]

1.c4 Nf6 2.Nc3 e6 3.d4 Bb4 4.Nf3 d5 5.e3 O-O 6.Bd3 c5 7.O-O dxc4 8.Bxc4 Nbd7
9.Qe2 cxd4 10.exd4 Bxc3 11.bxc3 Qc7 12.Ne5 b6 13.Bf4 Nxe5 14.Bxe5 Qe7 15.Bd3
Bb7 16.Rad1 Rac8 17.c4 Rfd8 18.Rfe1 Nd7 19.d5 Nxe5 20.Qxe5 Qd6 21.dxe6 Qxe5
22.Rxe5 fxe6 23.Rxe6 b5 24.Re7 Ba6 25.Rxa7 bxc4 26.Rxa6 Rxd3 27.Rc1 c3 28.Ra3
Rcd8 29.Kf1 Rd1+ 30.Rxd1 Rxd1+ 31.Ke2 c2 32.Ra8+ Kf7 33.Ra7+ Ke6 34.Ra6+ Kd7
{#R} 0-1

[Event "Olympiad (w)"]
[Site "masterchessopen.com Istanbul (Turkey)"]
[Round "4"]
[White "Ordaz Valdes Lisandra (CUB)"]
[Black "Dzagnidze Nana (GEO)"]
[Result "0-1"]
[WhiteElo "2344"]
[BlackElo "2547"]

1.d4 Nf6 2.c4 e6 3.Nc3 Bb4 4.e3 O-O 5.Nf3 d5 6.Bd3 c5 7.O-O dxc4 8.Bxc4 Nbd7
9.a3 Bxc3 10.bxc3 Qc7 11.Ba2 b6 12.Bb2 Bb7 13.c4 cxd4 14.exd4 Rad8 15.h3 Qf4
16.Qd2 Nh5 17.Qxf4 Nxf4 18.Ne1 Nf6 19.Kh2 Rd7 20.Rd1 Rfd8 21.f3 Bc6 22.Nc2 Ba4
23.Rd2 b5 24.c5 Bxc2 25.Rxc2 N6d5 26.Bxd5 Nxd5 27.Re1 Ne7 28.Bc3 Nc6 29.Rb2
Rb7 30.Reb1 Rdb8 31.Rd1 Rd8 32.Rdb1 a6 33.a4 Rdb8 34.axb5 Rxb5 35.Rxb5 axb5
36.Ra1 b4 37.Bb2 Ne7 38.Ra7 Nd5 39.Ra6 Kf8 40.g3 Ke8 41.Ra7 b3 42.c6 Rb6
43.Rb7 Kd8 44.Kg1 Rxb7 45.cxb7 Kc7 46.Kf2 Nb6 {#R} 0-1

[Event "Cup Russia (open)"]
[Site "masterchessopen.com Vladivostok (Russia)"]
[Date "2012.09.19"]
[Round "3"]
[White "Demianjuk Alexander (RUS)"]
[Black "Shomoev Anton (RUS)"]
[Result "0-1"]
[WhiteElo "2307"]
[BlackElo "2571"]

1.d4 Nf6 2.c4 e6 3.Nc3 Bb4 4.e3 O-O 5.Bd3 d5 6.Nf3 c5 7.O-O dxc4 8.Bxc4 Nbd7
9.Qe2 a6 10.a3 Ba5 11.Ba2 b5 12.dxc5 Bxc3 13.bxc3 Nxc5 14.c4 Bb7 15.Bb2 Qd3
16.Qxd3 Nxd3 17.Bd4 Rfc8 18.cxb5 axb5 19.Bb1 Nc5 20.Bc2 Be4 21.Bxe4 Nfxe4
22.Bxc5 Rxc5 23.Nd4 e5 24.Nb3 Rc2 25.f3 Nd6 26.Rfd1 Nc4 27.Rd5 Rxg2+ 28.Kh1
Rb2 29.Rxb5 f6 30.a4 Nxe3 31.a5 h5 32.a6 Rxa6 {#R} 0-1